000 00392nam a2200145Ia 4500
008 231129s1998||||xx |||||||||||||| ||spa||
020 _a958-9235-39-5
040 _bspa
082 _a398.228 P426a
100 _aPeralta Gómez Andrés
245 0 _aAnálisis literario de Popol Vuh. Anónimo
260 _c1998
264 _aEsquilo
942 _2ddc
_cBKS
999 _c5112
_d5112